000 00354nam a2200145Ia 4500
008 230711s9999||||xx |||||||||||||| ||und||
041 _aENG
082 _a624
_bSC-H
100 _aSchoenauer,Norbert
245 0 _a6000 years of housing
250 _a1st Ed.
260 _c2000
_aNew York
_bW.W.Norton & Corporation
650 _aArchitecture
942 _cBK
999 _c4339
_d4339